Cicero's Verrine oration II.4 : with notes and vocabulary /

Bibliographic Details
Main Author: Cicero, Marcus Tullius
Other Authors: Dickison, Sheila K. (Sheila Kathryn), 1942-
Format: Book
Language:English
Latin
Published: Detroit, Mich. : Wayne State University Press, [1992]
Series:Classical studies pedagogy series.
Subjects:

MARC

Tag First Indicator Second Indicator Subfields
LEADER 00000cam a22000008a 4500
001 in00001084821
005 20150929165623.0
008 920228s1992 miu b s000 0 eng
010 |a  92009058  
020 |a 0814323820 (pbk. : alk. paper) 
035 |a (OCoLC)25549293 
035 |9 AFR5422AM 
040 |a DLC  |c DLC  |d CIN  |d TXA  |d UtOrBLW 
041 0 |a eng  |a lat 
043 |a e-it--- 
049 |a TXAM 
050 0 0 |a PA6282  |b .A56 1992 
082 0 0 |a 875/.01  |2 20 
100 1 |a Cicero, Marcus Tullius. 
240 1 0 |a In Verrem.  |n Liber 4 
245 1 0 |a Cicero's Verrine oration II.4 :  |b with notes and vocabulary /  |c Sheila K. Dickison. 
263 |a 9207 
264 1 |a Detroit, Mich. :  |b Wayne State University Press,  |c [1992] 
264 4 |c ©1992 
300 |a 270 pages :  |b maps ;  |c 21 cm. 
336 |a text  |b txt  |2 rdacontent 
337 |a unmediated  |b n  |2 rdamedia 
338 |a volume  |b nc  |2 rdacarrier 
490 1 |a Classical studies pedagogy series 
504 |a Includes bibliographical references. 
650 0 |a Speeches, addresses, etc., Latin. 
651 0 |a Sicily (Italy)  |x Politics and government  |y To 1282. 
700 1 |a Dickison, Sheila K.  |q (Sheila Kathryn),  |d 1942- 
830 0 |a Classical studies pedagogy series. 
999 |a MARS 
999 f f |s 0a7d920f-8b13-378e-bea6-b6ea5eecb927  |i 1571e4da-2861-3090-913e-bed6c8efdbb4  |t 0 
952 f f |p ric  |a Texas A&M University  |b Rellis Campus  |c Joint Library Facility  |d Remote Storage  |t 0  |e PA6282 .A56 1992  |h Library of Congress classification  |i unmediated -- volume  |m A14816356628 
998 f f |a PA6282 .A56 1992  |t 0  |l Remote Storage